Ball Knowledge American Cities - Statistics

General Stats
  • This quiz has been taken 8 times
  • The average score is 62 of 100
Answer Stats
Hint State Answer % Correct
Home to the world's busiest airport GA Atlanta
100%
Music City with a rapidly growing population TN Nashville
100%
Home to Disneyland, the Angels, and the Ducks CA Anaheim
88%
200,000 visitors come every spring to watch the Masters GA Augusta
88%
A battle in 1814 happened here at Fort McHenry MD Baltimore
88%
Its name translates to "Red Stick" in French LA Baton Rouge
88%
Established in 1670 as Charles Town SC Charleston
88%
The Queen City; also known for Skyline Chili OH Cincinnati
88%
Known as the mistake on the lake OH Cleveland
88%
Its name means Body of Christ in ecclesiastical latin TX Corpus Christi
88%
Mile High City home to Bo Chapman Nix CO Denver
88%
Once the fourth largest city in the country MI Detroit
88%
Home to the world's largest single-day sporting event IN Indianapolis
88%
The Entertainment Capital of the World NV Las Vegas
88%
Home to the tenth-largest pyramid in the world TN Memphis
88%
Capital of Latin America home to the world's largest cruise port FL Miami
88%
Home to Harley-Davidson and several beer giants WI Milwaukee
88%
Steel City at the confluence of three rivers PA Pittsburgh
88%
Home to Brigham Young University UT Provo
88%
Incorporated as the state capital in 1792 NC Raleigh
88%
The Biggest Little City in the World NV Reno
88%
Capital of the Confederacy VA Richmond
88%
NorCal city named for the blessed sacrament CA Sacramento
88%
The Gateway Arch is the tallest structure in the entire state MO St. Louis
88%
State capital home to over 70,000 college students FL Tallahassee
88%
LeBron James and Steph Curry are both from here OH Akron
75%
Spanish for yellow; formerly known as Oneida TX Amarillo
75%
Founded in 1630 on the Shawmut Peninsula MA Boston
75%
Home to the western terminus of the Erie Canal NY Buffalo
75%
Glenn Miller sang about a choo choo from here TN Chattanooga
75%
The first presidential caucuses occur here IA Des Moines
75%
Sun City in a region known as the Borderplex TX El Paso
75%
The Insurance Capital of the World CT Hartford
75%
Space City home to many big oil companies TX Houston
75%
Hosted the 1982 World's Fair TN Knoxville
75%
SoCal city with the world's second-busiest container port CA Long Beach
75%
European settlement here began at Fort Snelling MN Minneapolis
75%
First capital of the Confederacy (prior to the above) AL Montgomery
75%
Known as the Big Easy, the Crescent City, and NOLA LA New Orleans
75%
Home to the busiest port in northern California CA Oakland
75%
Hosts the Rose Bowl every New Year's Day CA Pasadena
75%
Founded in 1636 by Roger Williams RI Providence
75%
Oldest state capital in the United States NM Santa Fe
75%
Electric City where The Office was set PA Scranton
75%
Emerald City home to the Space Needle WA Seattle
75%
Known for Brown V. Board Supreme Court case KS Topeka
75%
A famous battle in December 1776 occurred here NJ Trenton
75%
Originally settled as Gum Pond, Elvis Presley was born here MS Tupelo
75%
The 1993 siege of the Branch Davidians occurred here TX Waco
75%
1982 Billy Joel hit PA Allentown
63%
The United States Naval Academy is located here MD Annapolis
63%
College town on the Eno River NC Durham
63%
Home to Muhammad Ali and Churchill Downs KY Louisville
63%
Warren Buffet is known as the oracle of this city NE Omaha
63%
Theme Park Capital of the World FL Orlando
63%
Panhandle city home to the Blue Angels FL Pensacola
63%
City on the Genesee River home to Kodak NY Rochester
63%
Military town known as Alamo City TX San Antonio
63%
Oil town on the Arkansas River OK Tulsa
63%
Columbia River city named for John Jacob Astor OR Astoria
50%
Home to the National Baseball Hall of Fame and Museum NY Cooperstown
50%
Furthest inland port accessible to oceangoing ships MN Duluth
50%
Largest inland city in Alaska AK Fairbanks
50%
Devastated by a massive hurricane in 1900 TX Galveston
50%
A 2011 tornado here was one of the deadliest in ever MO Joplin
50%
Home to the International Cherry Blossom Festival GA Macon
50%
Once home to the largest cotton textile plant on Earth NH Manchester
50%
Located at the mouth of the Passaic River NJ Newark
50%
Home to the US Navy's Atlantic Fleet VA Norfolk
50%
New England port that gave its name to an Oregon city ME Portland
50%
Former oil town on the Red River LA Shreveport
50%
Lake Erie trade hub known as the Glass City OH Toledo
50%
Founded in 1797 along the Mahoning River OH Youngstown
50%
Gulf coast city home to eight casinos MS Biloxi
38%
State capital in the Treasure Valley ID Boise
38%
Home to both Harvard and MIT MA Cambridge
38%
Chicago suburb home to the first Dairy Queen IL Joliet
38%
Highest % of Hispanic population in the lower 48 (95%) TX Laredo
38%
Home to the state's only land-grant university NM Las Cruces
38%
Panhandle city home to Texas Tech University TX Lubbock
38%
Elm City home to Yale University CT New Haven
38%
Will it play in this city on the Illinois River? IL Peoria
38%
Referred to as the Queen City of the Hudson NY Poughkeepsie
38%
In 1947 an alleged alien spacecraft landed 75 miles from here NM Roswell
38%
Tourist destination known as the American Riviera CA Santa Barbara
38%
Formerly the western terminus of the Northern Pacific Railroad WA Tacoma
38%
Capital of Arizona Territory from 1867 to 1877 AZ Tucson
38%
Hard to pronounce city home to many immigrants MA Worcester
38%
Railroad city in the Allegheny Mountains PA Altoona
25%
City on the Neches River home to the first rice mill in Texas TX Beaumont
25%
At the confluence of the Susquehanna and Chenango Rivers NY Binghamton
25%
Halfway between San Diego and Tijuana CA Chula Vista
25%
City in the hilly Driftless Area of the Midwest IA Dubuque
25%
SoCal city considered the birthplace of the electric guitar CA Fullerton
25%
City on Lake Michigan known as K-Town WI Kenosha
25%
Founded in 1886 along the Great Northern Railway ND Minot
25%
Lake Erie city home to Cedar Point OH Sandusky
25%
Home to the Crimson Tide and a Mercedes assembly line AL Tuscaloosa
25%
Former capital of California from 1852 to 1852 CA Vallejo
25%
Ohio River port city home to Marshall University WV Huntington
13%
No matching quizzes found
Score Distribution
Percent of People with Each Score
Percentile by Number Answered
Your Score History
You have not taken this quiz